000 00760nam a22002177a 4500
003 OSt
005 20260310022601.0
008 260310b |||||||| |||| 00| 0 eng d
020 _a9789715103442
040 _aDWCL Main lib
_cOC
082 _aSC. 922 C231f 2026
100 _aCantilado, Nielo M., SVD
245 _aFr. Joseph L. Bates, SVD :
_bthe quiet shepherd
_cNielo M. Cantilado, SVD
260 _aManila :
_bLogos Publications,
_cc2026.
300 _a155 pages :
_billustrations ;
_c23cm.
504 _aIncludes appendix and index.
650 _a1. Bates, Joseph L., SVD -- Biography.
650 _a2. Catholic church -- Clergy -- Philippines -- Biography.
650 _a3. Missionaries -- Philippines -- Biography.
942 _2ddc
_cSC
_kSC.
_n0
999 _c8817
_d8817